000 00436nam a22001457a 4500
005 20151117112611.0
008 151117b xxu||||| |||| 00| 0 eng d
040 _cPK-LaUMT
082 _aKHC R 415
_bMIR-T
100 _aمیر احمد علیخان ادیب
245 _aتصیحح الاغلاط
_cمیر احمد علیخان ادیب
260 _aحیدرآباد
_bمکتبہ عزیزیہ
_c1983
300 _a288 ص
942 _cBK
999 _c79054
_d79054